La economia de la enseñanza del Español como lengua extranjera: oportunidades y retos

Saved in:
Bibliografiske detaljer
Main Authors: Carrera Troyano, Miguel (Author), Gómez Asencio, José Jesús (Author)
Format: Bog
Sprog:spansk
Udgivet: Madrid Fundación Telefónica 2009
Madrid Ariel 2009
Serier:Colección Fundación Telefónica, 3
Fag:
Tags: Tilføj Tag
Ingen Tags, Vær først til at tagge denne postø!

MARC

LEADER 00000nam a2200000 a 4500
001 UCG2212
003 CL-VaPUC
008 100624e20090000SP |||||||||||||||||spa|d
020 |a 9788408087953 
082 0 4 |a 370.1175  |b CAR  |2 21 
100 0 |a Carrera Troyano, Miguel  |e author  |9 550599 
700 |a Gómez Asencio, José Jesús  |e author  |9 615032 
245 1 3 |a La economia de la enseñanza del Español como lengua extranjera: oportunidades y retos 
300 |a 192 p 
942 |c BK 
945 |d 20100624 00:00:00  |a dcastane 
260 |a Madrid  |b Fundación Telefónica  |c 2009 
260 |a Madrid  |b Ariel  |c 2009 
650 0 |a Enseñanza del español  |9 339826 
650 7 |a LENSEÑANZA DE IDIOMAS  |2 CL-VaPUC  |9 550601 
650 0 |a Métodos de enseñanza  |9 270413 
583 |a last modification  |c 20130326 11:18:49  |k Rodrigo Vera 
490 0 |a Colección Fundación Telefónica, 3 
999 |c 341441  |d 341439 
952 |0 0  |1 0  |4 0  |6 370_117500000000000_CAR_2009_2009  |7 0  |8 A  |9 436948  |a FDOPOS  |b FDOPOS  |d 2019-11-22  |i 4691571  |o 370.1175 CAR 2009 2009  |p 4691571  |r 2023-08-09  |w 2019-11-22  |y BK  |k DLA